000 00429nam a2200169Ia 4500
008 230917s9999||||xx |||||||||||||| ||und||
020 _cRS400
040 _e239807
_aMAIN
041 _aEnglish
082 _a891.2109 R835K
100 _aRudrata
245 0 _aKavyalankara
260 _aNew Delhi
_bPrimal Publications
_c2016
300 _a456 p.
500 _a2699 27/03/2017 HBD17/2551 27/03/2017 Sanskrit SAP
942 _cBK
999 _c22452
_d22452